[Event "Sandefjord Caissa op"]
[Site "Sandefjord"]
[Date "2006.10.30"]
[Round "7"]
[White "Hansen, Rune Vik"]
[Black "Erlandsen, Vidar"]
[Result "0-1"]
[WhiteElo "1793"]
[BlackElo "1778"]
[PlyCount "68"]
[EventDate "2006.08.21"]
[EventType "swiss"]
[EventRounds "9"]
[EventCountry "NOR"]
[SourceTitle "EXT 2009"]
[Source "ChessBase"]
[SourceDate "2008.11.26"]
[SourceVersion "1"]
[SourceVersionDate "2008.11.26"]
[SourceQuality "1"]

1. Nf3 d5 2. b3 Bg4 3. Ne5 Bf5 4. e3 Nd7 5. Bb2 Nxe5 6. Bxe5 e6 7. c4 c6 8. cxd5 exd5 9. b4 f6 10. Bc3 Bd6 11. d3 Ne7 12. g4 Be6 13. g5 d4 14. Bxd4 Bxb4+ 15. Nd2 Nd5 16. a3 Ba5 17. gxf6 Nxf6 18. Rb1 Bb6 19. Bxb6 axb6 20. Qc1 0-0 21. Nc4 b5 22. Nd2 Qd6 23. Ra1 Bd5 24. e4 Be6 25. Be2 Bg4 26. f3 Bh5 27. Nf1 b4 28. a4 Nd7 29. Ne3 Bxf3 30. Nf5 Rxf5 31. exf5 Bxh1 32. Qc4+ Qd5 33. Rc1 Re8 34. Rc2 Nf6 0-1

[Event "Sandefjord Caissa op"]
[Site "Sandefjord"]
[Date "2006.10.18"]
[Round "6"]
[White "Erlandsen, Vidar"]
[Black "Roverud, Thor"]
[Result "1-0"]
[WhiteElo "1778"]
[BlackElo "1677"]
[PlyCount "105"]
[EventDate "2006.08.21"]
[EventType "swiss"]
[EventRounds "9"]
[EventCountry "NOR"]
[SourceTitle "EXT 2009"]
[Source "ChessBase"]
[SourceDate "2008.11.26"]
[SourceVersion "1"]
[SourceVersionDate "2008.11.26"]
[SourceQuality "1"]

1. e4 c5 2. c4 Nc6 3. Nf3 e5 4. Nc3 d6 5. Be2 f5 6. exf5 Bxf5 7. d3 Nf6 8. 0-0 Qd7 9. Nh4 Bg4 10. f3 Be6 11. f4 Bg4 12. Nf3 0-0-0 13. a3 Bxf3 14. Bxf3 Nd4 15. b4 Re8 16. bxc5 Nxf3+ 17. Qxf3 dxc5 18. Nb5 a6 19. fxe5 axb5 20. exf6 Qd4+ 21. Kh1 Qxa1 22. Qf5+ Kd8 23. Qd5+ Kc8 24. Qf5+ Kd8 25. Bg5 Re1 26. fxg7+ Kc7 27. Qf7+ Be7 28. Qxe7+ Rxe7 29. Rxa1 Rxg7 30. Bf6 Rhg8 31. Bxg7 Rxg7 32. cxb5 Rd7 33. Rd1 c4 34. Rc1 Rxd3 35. Rxc4+ Kb6 36. h3 Rxa3 37. Rh4 Kxb5 38. Rxh7 b6 39. g4 Kc5 40. g5 Kd5 41. Kg2 Ke6 42. h4 Kf5 43. Rf7+ Kg4 44. g6 Ra8 45. Rh7 Kf5 46. h5 b5 47. Rb7 Kg5 48. Rxb5+ Kh6 49. Kg3 Ra3+ 50. Kg4 Ra4+ 51. Kf5 Kxh5 52. g7 Rg4 53. Rb1 1-0

[Event "Sandefjord Caissa op"]
[Site "Sandefjord"]
[Date "2005.10.17"]
[Round "6"]
[White "Erlandsen, Vidar"]
[Black "Holmboe, Jan Raymond"]
[Result "1-0"]
[WhiteElo "1799"]
[BlackElo "1747"]
[PlyCount "70"]
[EventDate "2005.08.29"]
[EventType "swiss"]
[EventRounds "9"]
[EventCountry "NOR"]
[SourceTitle "EXT 2007"]
[Source "ChessBase"]
[SourceDate "2006.11.23"]
[SourceVersion "1"]
[SourceVersionDate "2006.11.23"]
[SourceQuality "1"]

1. e4 e5 2. Nf3 Nc6 3. c3 Nf6 4. d4 Nxe4 5. d5 Ne7 6. Nxe5 Ng6 7. Qd4 f5 8. Nxg6 hxg6 9. Be3 Kf7 10. Bc4 b5 11. d6+ bxc4 12. Qd5+ Ke8 13. Qe5+ Kf7 14. Qd5+ Ke8 15. Qxa8 Bxd6 16. Nd2 c6 17. Nxe4 fxe4 18. 0-0-0 Be5 19. h3 Kf7 20. Qxa7 Re8 21. Kb1 Kg8 22. Bd4 d5 23. Bxe5 Rxe5 24. Qc5 Qf6 25. Rhe1 Re7 26. f3 Rb7 27. Qd4 Qf5 28. fxe4 dxe4 29. g4 Qb5 30. Rd2 Rd7 31. Qe3 Rd5 32. Rd4 Qa4 33. Qxe4 Ra5 34. a3 Ra8 35. Rxc4 Qb3 1-0

[Event "Sandefjord op"]
[Site "Sandefjord"]
[Date "2005.04.10"]
[Round "5"]
[White "Horda, Carl Erik"]
[Black "Erlandsen, Vidar"]
[Result "1/2-1/2"]
[WhiteElo "1885"]
[BlackElo "1804"]
[PlyCount "25"]
[EventDate "2005.04.09"]
[EventType "swiss"]
[EventRounds "5"]
[EventCountry "NOR"]
[SourceTitle "EXT 2008"]
[Source "ChessBase"]
[SourceDate "2007.11.25"]
[SourceVersion "1"]
[SourceVersionDate "2007.11.25"]
[SourceQuality "1"]

1. Nf3 d5 2. d4 e6 3. c4 c6 4. Nc3 Nf6 5. Bg5 Nbd7 6. e3 Be7 7. Qc2 b6 8. 0-0-0 Bb7 9. h4 Rc8 10. Ne5 c5 11. dxc5 Rxc5 12. Nxd7 Qxd7 13. Kb1 1/2-1/2

[Event "Vestfold KM op"]
[Site "Sandefjord"]
[Date "2004.04.24"]
[Round "2"]
[White "Erlandsen, Vidar"]
[Black "Solberg, Svenn"]
[Result "1-0"]
[WhiteElo "1867"]
[BlackElo "1074"]
[PlyCount "57"]
[EventDate "2004.04.??"]
[EventType "swiss"]
[EventRounds "5"]
[EventCountry "NOR"]
[SourceTitle "EXT 2006"]
[Source "ChessBase"]
[SourceDate "2005.11.24"]
[SourceVersion "1"]
[SourceVersionDate "2005.11.24"]
[SourceQuality "1"]

1. e4 e5 2. Nf3 d6 3. d4 Bg4 4. dxe5 Nc6 5. Bb5 a6 6. Bxc6+ bxc6 7. exd6 cxd6 8. 0-0 Nf6 9. Re1 Be7 10. e5 dxe5 11. Qxd8+ Rxd8 12. Nxe5 Rd6 13. Nxg4 Nxg4 14. Nc3 Rd7 15. Bg5 Nf6 16. Bxf6 gxf6 17. Rad1 Rxd1 18. Rxd1 0-0 19. g3 f5 20. Ne2 Bf6 21. c3 Re8 22. Kf1 Bd8 23. Nd4 c5 24. Nxf5 a5 25. Rd5 Bb6 26. Rd6 Rb8 27. Rc6 Kf8 28. b3 Ke8 29. Rh6 1-0

[Event "Vestfold KM op"]
[Site "Sandefjord"]
[Date "2004.04.24"]
[Round "3"]
[White "Standal, Bard"]
[Black "Erlandsen, Vidar"]
[Result "1/2-1/2"]
[WhiteElo "1581"]
[BlackElo "1867"]
[PlyCount "113"]
[EventDate "2004.04.??"]
[EventType "swiss"]
[EventRounds "5"]
[EventCountry "NOR"]
[SourceTitle "EXT 2006"]
[Source "ChessBase"]
[SourceDate "2005.11.24"]
[SourceVersion "1"]
[SourceVersionDate "2005.11.24"]
[SourceQuality "1"]

1. Nf3 f5 2. d4 Nf6 3. g3 e6 4. c4 Be7 5. Bg2 0-0 6. 0-0 d6 7. Nc3 a5 8. Qd3 Nc6 9. a3 e5 10. dxe5 dxe5 11. Qxd8 Rxd8 12. h4 e4 13. Ng5 h6 14. Nh3 Be6 15. b3 Nd4 16. Rb1 Bf7 17. Nf4 c6 18. f3 exf3 19. exf3 Nc2 20. Rb2 Nxa3 21. Ra2 Nxc4 22. bxc4 Bxc4 23. Raf2 Bc5 24. Re1 Bxf2+ 25. Kxf2 Kf7 26. h5 a4 27. Ba3 Rd2+ 28. Kg1 Re8 29. Rxe8 Nxe8 30. Ng6 Be6 31. Nf4 Bc4 32. Ng6 Be6 33. Nf4 Bd7 34. Bf1 b5 35. Bd3 Nf6 36. Bc1 Rxd3 37. Nxd3 Nxh5 38. Kg2 Ke6 39. f4 Nf6 40. Nc5+ Ke7 41. Ba3 Kd8 42. Bb4 Bc8 43. Ba3 Ke8 44. Nd3 Be6 45. Ne5 Bd7 46. Bb4 Kd8 47. Nd3 Be8 48. Nc5 Bf7 49. Kf3 Bd5+ 50. Ke3 g5 51. fxg5 hxg5 52. Nd3 Kd7 53. Kd4 Bg2 54. Ke5 Ne4 55. Nxe4 fxe4 56. Nc5+ Kc7 57. Nxe4 1/2-1/2

[Event "Vestfold KM op"]
[Site "Sandefjord"]
[Date "2004.04.24"]
[Round "1"]
[White "Syvertsen, Rolf Erik"]
[Black "Erlandsen, Vidar"]
[Result "1-0"]
[WhiteElo "1619"]
[BlackElo "1867"]
[PlyCount "64"]
[EventDate "2004.04.??"]
[EventType "swiss"]
[EventRounds "5"]
[EventCountry "NOR"]
[SourceTitle "EXT 2006"]
[Source "ChessBase"]
[SourceDate "2005.11.24"]
[SourceVersion "1"]
[SourceVersionDate "2005.11.24"]
[SourceQuality "1"]

1. d4 Nf6 2. c4 g6 3. Nc3 d5 4. cxd5 Nxd5 5. e4 Nxc3 6. bxc3 Bg7 7. Bc4 c5 8. Ne2 Nc6 9. Be3 0-0 10. 0-0 Qc7 11. dxc5 Ne5 12. Bb3 Ng4 13. Bf4 Qxc5 14. Qc2 Bd7 15. Rad1 Bc6 16. h3 Nf6 17. Be3 Qa5 18. f3 e5 19. Rd2 Rac8 20. Qb2 Nd7 21. Rfd1 Nc5 22. c4 Na4 23. Qa3 Rfe8 24. Qc1 Bf8 25. Kh2 Bb4 26. Rd3 Bb5 27. Rd5 a6 28. Qb1 Nb6 29. Bxb6 Qxb6 30. cxb5 Qf2 31. Ng3 Rc3 32. R5d3 Rec8 1-0

[Event "Sandefjord op"]
[Site "Sandefjord"]
[Date "2002.10.13"]
[Round "5"]
[White "Erlandsen, Vidar"]
[Black "Gulliksen, Finn Morten"]
[Result "0-1"]
[WhiteElo "1776"]
[BlackElo "1832"]
[PlyCount "122"]
[EventDate "2002.10.??"]
[EventType "swiss"]
[EventRounds "5"]
[EventCountry "NOR"]
[SourceTitle "EXT 2005"]
[Source "ChessBase"]
[SourceDate "2004.11.15"]
[SourceVersion "1"]
[SourceVersionDate "2004.11.15"]
[SourceQuality "1"]

1. e4 c5 2. Nf3 e6 3. d4 cxd4 4. Nxd4 a6 5. a4 Nf6 6. Nc3 Qc7 7. Bg5 Bb4 8. f3 Bxc3+ 9. bxc3 Qxc3+ 10. Kf2 Nc6 11. Bxf6 gxf6 12. Nxc6 dxc6 13. g3 e5 14. Rb1 Qc5+ 15. Kg2 b5 16. Bd3 Be6 17. Qd2 h5 18. Rhd1 Ke7 19. Qa5 Rhd8 20. Qd2 Bc4 21. Qc3 Rd4 22. axb5 cxb5 23. Ra1 Qd6 24. Bxc4 Rxd1 25. Rxd1 Qxd1 26. Bd5 Rd8 27. Qc5+ Ke8 28. Qc6+ Kf8 29. Qxf6 Qxc2+ 30. Kh3 Qc7 31. Qh6+ Ke7 32. Qxh5 Rxd5 33. Qg5+ f6 34. Qg7+ Kd6 35. Qxf6+ Kc5 36. exd5 Kxd5 37. Qf5 Qd6 38. Qe4+ Kc5 39. Qc2+ Kb6 40. g4 Qh6+ 41. Kg2 Qc6 42. Qf5 b4 43. Qxe5 Qc2+ 44. Kh3 b3 45. Qd6+ Kb5 46. Qd5+ Kb4 47. Qd4+ Qc4 48. Qd6+ Kc3 49. Qf6+ Kc2 50. Qf5+ Kc1 51. Qg5+ Kd1 52. Qg7 Qe2 53. Qd4+ Kc2 54. Qc5+ Kd1 55. Qg1+ Kd2 56. Qd4+ Kc1 57. Qc3+ Qc2 58. Qa1+ Kd2 59. Qd4+ Ke2 60. Kg3 b2 61. Qe5+ Kf1 0-1